Noc malých příběhů /

Hlavní autor: Hořínek, Matouš, 1978-
Korporativní autor: Divadlo hudby a poezie Agadir
Další autoři: Fuciman, Ondřej
Jazyk: Čeština
Vydáno: [Brno] : Agadir, 2013
Témata:
Fyzický popis: 1 CD audio ; 12 cm
Zvukové nahrávky
Uloženo v:
LEADER 01793nim a2200409 i 4500
001 001574693
003 CZ BrMZK
005 20170621115851.0
007 sd fungnnmmned
008 170503t20132013xr ||nng n cze
015 |a cnb002755774 
040 |a BOA001  |b cze  |e rda 
072 7 |a 821.162.3-1  |x Česká poezie  |2 Konspekt  |9 25 
080 |a 821.162.3-1  |2 MRF 
080 |a (0:82-1)  |2 MRF 
080 |a (086.76)  |2 MRF 
100 1 |a Hořínek, Matouš,  |d 1978-  |7 av2014852086  |4 aut 
245 1 0 |a Noc malých příběhů /  |c Matouš Hořínek 
264 1 |a [Brno] :  |b Agadir,  |c 2013 
300 |a 1 CD audio ;  |c 12 cm 
336 |a mluvené slovo  |b spw  |2 rdacontent 
337 |a audio  |b s  |2 rdamedia 
338 |a audiodisk  |b sd  |2 rdacarrier 
344 |a digital  |b optical  |2 rda 
347 |a audio soubor  |b CD audio  |2 rda 
500 |a Název z disku 
500 |a Hudba Ondřej Fuciman 
505 0 |a Zdání věčné pouti -- Noc malých příběhů -- Marlon -- Andreas -- Antoine -- Rapid -- Příběh štěněte -- El sexo I -- Pět centrimetrů Mary -- El sexo II -- El sexo III -- O nesmrtelném pianistovi -- Ze skály se zvedl pták -- O Becky -- Příběh létající kočky -- O jednom duchovním -- O Matce -- Podvečer 
511 0 |a V podání členů Divadla hudby a poezie Agadir 
655 7 |a česká poezie  |7 fd133958  |2 czenas 
655 7 |a kompaktní disky  |7 fd201991  |2 czenas 
700 1 |a Fuciman, Ondřej  |7 jo2015896770  |4 cmp  |4 itr  |4 oth 
710 2 |a Divadlo hudby a poezie Agadir  |7 osa2012711785  |4 prf 
910 |a BOA001  |b CDR-1387.585 
990 |a AV 
996 6 |b 2610706616  |c CDR-1387.585  |l MZK  |r Sklad / do 24 hodin  |n 0  |p p.v.  |w 001611164  |u 000010  |a 1  |e BOA001  |j MZK50  |s P 
996 6 |b 2610706617  |c CDR-1387.585  |l MZK  |r Sklad / do 24 hodin  |n 0  |p p.v.  |w 001611164  |u 000020  |a 1  |e BOA001  |j MZK50  |s P